[Event "Torcy op-B"]
[Site "Torcy"]
[Date "1991.??.??"]
[Round "?"]
[White "Roman, Dimitri"]
[Black "Gorka, Christiane"]
[Result "0-1"]
[WhiteElo "1860"]
[BlackElo "1990"]

1.e4 c5 2.Nf3 d6 3.d4 cxd4 4.Nxd4 Nf6 5.Nc3 a6 6.g3 e5 7.Nde2 Be6 8.Bg2 Be7
9.O-O Qd7 10.Nd5 Nxd5 11.exd5 Bh3 12.Nc3 Bxg2 13.Kxg2 b5 14.b3 O-O 15.Ne4 f5
16.Ng5 Bxg5 17.Bxg5 f4 18.gxf4 exf4 19.Kh1 h6 20.Bxh6 gxh6 21.Qd4 Qf7 22.Rae1 Ra7
23.Re6 Kh7 24.Rg1 Rd7 25.Qe4+ Qf5 26.Qxf5+ Rxf5 27.Re8 Rb7 28.Rgg8 Nd7 29.Rh8+ Kg7
30.Reg8+ Kf7 31.Rd8 Rxd5 32.Rh7+ Ke6 33.Rxh6+ Nf6 34.h4 Rh5 35.Rdh8 Rxh6
36.Rxh6 Rh7 37.Rxh7 Nxh7 38.Kg2 Kf5 39.Kf3 b4 40.Ke2 Ke4 41.f3+ Kd4 42.Kd2 Nf6
43.c3+ bxc3+ 44.Kc2 d5 45.a3 Nh5 46.a4 Ng3 47.b4 Kc4 48.b5 axb5 49.axb5 Kxb5
50.Kxc3 Kc5 51.Kd3 Nh5 52.Kc3 d4+ 53.Kd3 Kd5 54.Kd2 Kc4 55.Kc2 d3+ 56.Kd2 Kd4
57.Ke1 Ke3  0-1

[Event "Vrnjacka Banja"]
[Site "Vrnjacka Banja"]
[Date "1991.??.??"]
[Round "2"]
[White "Matulovic, Milan"]
[Black "Maksimenko, Andrei"]
[Result "1-0"]
[WhiteElo "2470"]
[BlackElo "2370"]

1.e4 c5 2.Nf3 d6 3.d4 cxd4 4.Nxd4 Nf6 5.Nc3 a6 6.g3 e5 7.Nde2 Nbd7 8.Bg2 b5
9.h3 Bb7 10.g4 Be7 11.Ng3 O-O 12.g5 Ne8 13.h4 g6 14.Nd5 Bxd5 15.exd5 Ng7
16.Be3 f5 17.gxf6 Nxf6 18.Bh6 Qb6 19.Qe2 Ng4 20.Be3 Nxe3 21.fxe3 Qa5+ 22.Kd1 Rf7
23.h5 Raf8 24.Be4 Rf2 25.Qe1 Qxe1+ 26.Kxe1 Nxh5 27.Nxh5 gxh5 28.Rd1 Bh4 29.Rxh4 Rf1+
30.Kd2 R8f2+ 31.Kc1  1-0

[Event "Vrnjacka Banja"]
[Site "Vrnjacka Banja"]
[Date "1991.??.??"]
[Round "4"]
[White "Marinkovic, Slavisa"]
[Black "Kaspi, Alexander"]
[Result "1/2-1/2"]
[WhiteElo "2335"]
[BlackElo "2390"]

1.e4 c5 2.Nf3 d6 3.d4 cxd4 4.Nxd4 Nf6 5.Nc3 a6 6.g3 Bg4 7.f3 Bd7 8.g4 h6
9.Be3 Nc6 10.Qd2 Qc7 11.O-O-O e6 12.h4 b5 13.Bd3 Nxd4 14.Bxd4 Bc6 15.g5 Nd7
16.g6 f6 17.f4 Be7 18.f5 e5 19.Bf2 Qb7 20.Ne2 Nc5 21.Bxc5 dxc5 22.Nc3 c4
23.Be2 Bb4 24.a3 Bxc3 25.Qxc3 O-O 26.Rhe1 Rad8 27.Rxd8 Rxd8 28.Bf3 Rd4 29.Rd1 Rxd1+
30.Bxd1 Bxe4 31.Qa5 Qc8 32.Bg4 h5 33.Bh3 Kf8 34.Qb4+ Ke8 35.Qd6 c3 36.bxc3 Qxc3
37.Qe6+ Kd8 38.Qg8+ Kc7 39.Qxg7+ Kb6 40.Qxf6+ Ka5 41.Qd8+ Ka4 42.Qd1 Qxa3+
43.Kd2 Qxh3 44.Qa1+ Kb4 45.Qxe5 Qg2+ 46.Ke3 Qf3+ 47.Kd4 Bxc2 48.Qd6+ Kb3
49.Qe6+ Kb2 50.Ke5 Qg3+ 51.Kf6 Qxh4+ 52.Kg7 Qg4 53.Qe5+ Kb3 54.Qd5+ Kc3 55.Qc5+ Kd2
56.Qf2+ Kd1 57.Qf1+ Kd2 58.Qf2+ Kc1 59.Qe1+ Kb2 60.Qe5+ Kb1 61.Qe1+ Ka2  1/2-1/2

[Event "Aruba"]
[Site "Aruba"]
[Date "1992.??.??"]
[Round "1"]
[White "Pliester, Leon"]
[Black "Psakhis, Lev"]
[Result "0-1"]
[WhiteElo "2355"]
[BlackElo "2605"]

1.e4 c5 2.Nf3 d6 3.d4 cxd4 4.Nxd4 Nf6 5.Nc3 a6 6.g3 e6 7.Bg2 Be7 8.O-O Qc7
9.Be3 Nc6 10.f4 O-O 11.a4 Rb8 12.Kh1 Bd7 13.Nb3 b6 14.g4 Bc8 15.g5 Nd7 16.f5 Re8
17.f6 gxf6 18.Qh5 Qd8 19.Rf2 Nce5 20.Rg1 Kh8 21.Nd4 Rg8 22.Bh3 fxg5 23.Nf3 Nxf3
24.Rxf3 Ne5 25.Rxf7 Nxf7 26.Qxf7 Rg7 27.Qh5 Bf6 28.Ne2 Bb7 29.Ng3 Qe8 30.Qf3 Be5
31.Rf1 Qg6 32.Bg2 g4  0-1

[Event "Bankia op"]
[Site "Bankia"]
[Date "1992.??.??"]
[Round "4"]
[White "Stoinov, Ivan"]
[Black "Delchev, Aleksander"]
[Result "0-1"]
[WhiteElo "2305"]
[BlackElo "2430"]

1.e4 c5 2.Nf3 d6 3.d4 cxd4 4.Nxd4 Nf6 5.Nc3 a6 6.g3 e5 7.Nde2 Nbd7 8.Bg2 Be7
9.O-O b5 10.h3 Bb7 11.g4 Nc5 12.Ng3 O-O 13.Be3 Rc8 14.g5 Ne8 15.Qg4 g6 16.h4 Ne6
17.Rac1 Rc4 18.Nd5 Bxd5 19.b3 f5 20.gxf6 Nxf6 21.Qd1 Ng7 22.bxc4 Bxc4 23.Re1 Nfh5
24.Bf1 Be6 25.Be2 Bxh4 26.Nxh5 Nxh5 27.Bg4 Bxf2+ 28.Bxf2 Qg5 29.Bh4 Qxh4
30.Bxe6+ Kg7 31.Rf1 Qg3+ 32.Kh1 Rf2  0-1

[Event "Bankia op"]
[Site "Bankia"]
[Date "1992.??.??"]
[Round "6"]
[White "Stoinov, Ivan"]
[Black "Manolov, Ivan"]
[Result "1/2-1/2"]
[WhiteElo "2305"]
[BlackElo "2390"]

1.e4 c5 2.Nf3 d6 3.d4 cxd4 4.Nxd4 Nf6 5.Nc3 a6 6.g3 e5 7.Nde2 Nbd7 8.Bg2 Be7
9.O-O b5 10.a4 b4 11.Nd5 Nxd5 12.exd5 a5 13.Be3 Ba6 14.Re1 O-O 15.Qd2 Rc8
16.Rac1 f5 17.f4 Bf6 18.fxe5 dxe5 19.Kh1 Kh8 20.c3 Nb6 21.cxb4 Nc4 22.Rxc4  1/2-1/2

[Event "Belgrade IKO"]
[Site "Belgrade"]
[Date "1992.??.??"]
[Round "4"]
[White "Matulovic, Milan"]
[Black "Iashvili, Akaki"]
[Result "1/2-1/2"]
[WhiteElo "2450"]
[BlackElo "2455"]

1.e4 c5 2.Nf3 d6 3.d4 cxd4 4.Nxd4 Nf6 5.Nc3 a6 6.g3 e5 7.Nde2 Nbd7 8.Bg2 b5
9.h3 Bb7 10.g4 b4 11.Nd5 Nxd5 12.exd5 Be7 13.Ng3 O-O 14.a3 a5 15.O-O Re8
16.Be3 Bg5 17.Bxg5 Qxg5 18.Ne4 Qh6 19.g5 Qg6 20.h4 h5 21.axb4 axb4 22.Rxa8 Rxa8
23.Qd2 f5 24.Ng3 f4 25.Be4 Qe8 26.Nf5 Qf8 27.Qxb4 Nc5 28.Qb6 Ra6 29.Qc7  1/2-1/2

[Event "Belgrade IKO"]
[Site "Belgrade"]
[Date "1992.??.??"]
[Round "10"]
[White "Popovic, Petar"]
[Black "Karpman, Vadim"]
[Result "1/2-1/2"]
[WhiteElo "2535"]
[BlackElo "2435"]

1.e4 c5 2.Nf3 d6 3.d4 cxd4 4.Nxd4 Nf6 5.Nc3 a6 6.g3 e5 7.Nde2 b5 8.Bg2 Bb7
9.h3 Nbd7 10.g4 b4 11.Nd5 Nxd5 12.exd5 g6 13.a3 a5 14.Ng3 Bg7 15.O-O O-O
16.g5  1/2-1/2

[Event "Belgrade IKO"]
[Site "Belgrade"]
[Date "1992.??.??"]
[Round "12"]
[White "Popovic, Petar"]
[Black "Ilincic, Zlatko"]
[Result "1-0"]
[WhiteElo "2535"]
[BlackElo "2445"]

1.e4 c5 2.Nf3 d6 3.d4 cxd4 4.Nxd4 Nf6 5.Nc3 a6 6.g3 e5 7.Nb3 Bg4 8.Be2 Bh3
9.Be3 Nbd7 10.f3 h5 11.a4 Be7 12.Qd2 Qc7 13.a5 Rc8 14.Kf2 O-O 15.Rhc1 Be6
16.Nd5 Bxd5 17.exd5 e4 18.f4 Ng4+ 19.Bxg4 hxg4 20.c4 Rfe8 21.Kg2 Bf6 22.Rab1 Bd8
23.Qe2 Nc5 24.Nxc5 dxc5 25.b4 cxb4 26.Rxb4 Be7 27.c5 Qxa5 28.Qc4 Bxc5 29.Bxc5 b6
30.Rxb6 Qd2+ 31.Kh1 e3 32.Rbb1 e2 33.Re1 f5 34.d6+ Kh7 35.Qf7 Rf8 36.Qc4 Rfe8
37.Qd4 Qc2 38.d7 Qxb1 39.Rxb1 e1=Q+ 40.Rxe1 Rxe1+ 41.Kg2  1-0

[Event "Brno"]
[Site "Brno"]
[Date "1992.??.??"]
[Round "7"]
[White "Popovic, Petar"]
[Black "Ftacnik, Lubomir"]
[Result "1/2-1/2"]
[WhiteElo "2535"]
[BlackElo "2535"]

1.e4 c5 2.Nf3 d6 3.d4 cxd4 4.Nxd4 Nf6 5.Nc3 a6 6.g3 e6 7.Bg2 Bd7 8.O-O Nc6
9.Nxc6 Bxc6 10.a4 Be7 11.a5 O-O 12.Be3 Nd7 13.Qe2 Qc7 14.Rfc1 Bf6 15.Qc4 Rac8
16.Qb4  1/2-1/2

[Event "Elekes mem"]
[Site "Budapest"]
[Date "1992.??.??"]
[Round "1"]
[White "Holzke, Frank"]
[Black "Schlosser, Philipp"]
[Result "0-1"]
[WhiteElo "2395"]
[BlackElo "2485"]

1.e4 c5 2.Nf3 d6 3.d4 cxd4 4.Nxd4 Nf6 5.Nc3 a6 6.g3 e6 7.Bg2 Be7 8.O-O Qc7
9.Re1 O-O 10.Be3 Nc6 11.Nxc6 bxc6 12.Na4 Rb8 13.c4 c5 14.Qc2 Ng4 15.Bf4 Bf6
16.Qe2 Ne5 17.Rad1 Rd8 18.b3 Nc6 19.Qd2 Nd4 20.Bg5 Bxg5 21.Qxg5 Bd7 22.Nc3 Bc6
23.Ne2 e5 24.Qc1 a5 25.Nxd4 exd4 26.f4 Re8 27.Qc2 a4 28.e5 axb3 29.axb3 Bxg2
30.Qxg2 dxe5 31.Rxe5 Rxe5 32.fxe5 Qxe5 33.Qf3 g6 34.Rf1 Qe7 35.Rf2 Kg7 36.Re2 Qf6
37.Rf2 Qxf3 38.Rxf3 f5 39.Kf2 Ra8 40.b4 Ra2+  0-1

[Event "Elekes mem"]
[Site "Budapest"]
[Date "1992.??.??"]
[Round "3"]
[White "Holzke, Frank"]
[Black "Danner, Georg"]
[Result "1/2-1/2"]
[WhiteElo "2395"]
[BlackElo "2355"]

1.e4 c5 2.Nf3 d6 3.d4 cxd4 4.Nxd4 Nf6 5.Nc3 a6 6.g3 e5 7.Nb3 Be7 8.a4 O-O
9.Bg2 Be6 10.O-O Nbd7 11.a5 b5 12.axb6 Nxb6 13.Na5 Qc7 14.Nd5 Nfxd5 15.exd5 Bd7
16.b3 f5 17.Qe2 Bf6 18.Nc6 e4 19.Ra5 Nxd5 20.Rxd5 Qxc6 21.Rfd1 Be5 22.f4  1/2-1/2

[Event "JUG-chT"]
[Site "Cetinje"]
[Date "1992.??.??"]
[Round "?"]
[White "Popovic, Petar"]
[Black "Aleksic, Nenad"]
[Result "1-0"]
[WhiteElo "2535"]
[BlackElo "2410"]

1.e4 c5 2.Nf3 d6 3.d4 cxd4 4.Nxd4 Nf6 5.Nc3 a6 6.g3 e6 7.Bg2 Bd7 8.O-O Nc6
9.a4 Be7 10.Nb3 Qc7 11.f4 Nb4 12.Be3 O-O 13.a5 Rac8 14.Rf2 e5 15.f5 h6 16.Kh1 Bc6
17.Rd2 Qb8 18.Qe2 Rfd8 19.Rad1 Bd7 20.g4 Rxc3 21.bxc3 Na2 22.Rd3 Bb5 23.Qe1 d5
24.Bb6 Rc8 25.Rh3 Nxe4 26.Rxd5 Nexc3 27.Rxe5 Bf6 28.Rc5 Re8 29.Re3 Rxe3 30.Qxe3 Qd6
31.Rc8+ Kh7 32.Nd4 Bd7 33.Rxc3 Nxc3 34.Qxc3 Qf4 35.Qf3 Qd2 36.Qd3 Qf4 37.Ne2 Qxg4
38.Qxd7 Qxe2 39.Bg1 Qe1 40.Bxb7 Qxa5 41.Be4 Qe1 42.Bg2 a5 43.c4 a4 44.Qa7 a3
45.Bd5 Be7 46.f6 gxf6 47.c5 Qd1 48.Be4+ f5 49.Qxe7 fxe4 50.Qxf7+ Kh8 51.c6 e3
52.Qf8+ Kh7 53.Qf5+ Kg7 54.c7 e2  1-0

[Event "EU-chT (Men)"]
[Site "Debrecen"]
[Date "1992.??.??"]
[Round "6"]
[White "Arnason, Jon L"]
[Black "Hellers, Ferdinand"]
[Result "0-1"]
[WhiteElo "2515"]
[BlackElo "2510"]

1.e4 c5 2.Nf3 d6 3.d4 cxd4 4.Nxd4 Nf6 5.Nc3 a6 6.g3 e5 7.Nb3 b5 8.Bg5 Be7
9.Bxf6 Bxf6 10.a4 bxa4 11.Rxa4 O-O 12.Na5 Be6 13.Bc4 Qd7 14.Bxe6 fxe6 15.Nc4 Be7
16.O-O Ra7 17.Qg4 Rf6 18.Rfa1 Bf8 19.Ne2 Qc8 20.Nc1 Nc6 21.c3 Qb8 22.Qd1 Qb5
23.Nd3 a5 24.Qe2 d5 25.Nd2 Raf7 26.f3 g6 27.Qe3 d4 28.Qe2 dxc3 29.bxc3 Bh6
30.Nc4 Rxf3 31.Kg2 Bf8 32.R1a2 Bb4 33.Ncxe5 Nxe5 34.Nxe5 Rf2+ 35.Qxf2 Rxf2+
36.Kxf2 Bxc3 37.Nf3 Bb4 38.Kg2 Qd3 39.e5 Qe4 40.Rb2 g5 41.h3 h5 42.Ra1 g4
43.hxg4 hxg4 44.Rf1 gxf3+ 45.Rxf3 a4 46.Rf2 a3 47.g4 Qd5  0-1

[Event "Wch U16"]
[Site "Duisburg"]
[Date "1992.??.??"]
[Round "2"]
[White "Ginzburg, Maximiliano"]
[Black "Ulfarsson, Magnus Orn"]
[Result "1-0"]
[WhiteElo "2275"]
[BlackElo "2260"]

1.e4 c5 2.Nf3 d6 3.d4 cxd4 4.Nxd4 Nf6 5.Nc3 a6 6.g3 e6 7.Bg2 Be7 8.O-O O-O
9.Qe2 Qc7 10.Be3 Bd7 11.Rad1 Nc6 12.Nxc6 Bxc6 13.g4 b5 14.g5 Nd7 15.a3 a5
16.f4 Qb7 17.b4 axb4 18.axb4 Ra3 19.Rd3 Rfa8 20.Bd2 Ra1 21.Nd1 R1a3 22.Bc3 Nf8
23.Nf2 Ng6 24.Nh3 Bd8 25.Be1 Bb6+ 26.Kh1 Bc7 27.Bg3 Rxd3 28.cxd3 d5 29.f5 Ne5
30.d4 Nc4 31.g6 fxg6 32.fxg6 hxg6 33.Qg4 Qc8 34.Qxg6 Qe8  1-0

[Event "Wch U18"]
[Site "Duisburg"]
[Date "1992.??.??"]
[Round "3"]
[White "Georgiev, Vladimir"]
[Black "Istratescu, Andrei"]
[Result "1/2-1/2"]
[WhiteElo "2345"]
[BlackElo "2450"]

1.e4 c5 2.Nf3 d6 3.d4 cxd4 4.Nxd4 Nf6 5.Nc3 a6 6.g3 e5 7.Nb3 Be7 8.Bg2 O-O
9.O-O h6 10.a4 b6 11.Be3 Bb7 12.Nd5 Nxd5 13.exd5 Nd7 14.f4 Rc8 15.c3 Re8
16.Qd3 Bf6 17.Rae1 Nc5 18.Nxc5 bxc5 19.fxe5 Rxe5 20.Bf4 c4 21.Qd2  1/2-1/2

[Event "Wch U16"]
[Site "Duisburg"]
[Date "1992.??.??"]
[Round "7"]
[White "Ginzburg, Maximiliano"]
[Black "Papaioannou, Ioannis"]
[Result "0-1"]
[WhiteElo "2275"]
[BlackElo "2335"]

1.e4 c5 2.Nf3 d6 3.d4 cxd4 4.Nxd4 Nf6 5.Nc3 a6 6.g3 e6 7.Bg2 Be7 8.O-O O-O
9.a4 Nc6 10.Be3 Qc7 11.Nxc6 bxc6 12.a5 Bb7 13.Bb6 Qc8 14.Na4 c5 15.Re1 Nd7
16.c4 Bc6 17.b4 cxb4 18.Rb1 Nc5 19.Nb2 Nd7 20.Na4 Nc5 21.Nb2 Qd7 22.Qd2 Bd8
23.Qxb4 Bxb6 24.axb6 a5 25.Qd2 a4 26.Nd3 Nb3 27.Qe3 e5 28.Nb4 Nd4 29.Red1 Bb7
30.Rd2 Rfc8 31.Qd3 a3 32.Ra2 Qa4 33.Bf1 Kf8 34.f4 Kg8 35.fxe5 dxe5 36.Nd5 Rd8
37.Rba1 Bxd5 38.exd5 Qb4 39.Rb1 Qc5 40.Qe3 Ra6 41.Rb5 Qd6 42.Rb1 Rxb6 43.Rxb6 Qxb6
44.Rxa3 h5 45.Kh1 Qb1 46.Qd3 Qc1 47.Rc3 Qe1 48.Kg2 Rb8 49.Qe3 Rb2+  0-1

[Event "Wch U16"]
[Site "Duisburg"]
[Date "1992.??.??"]
[Round "10"]
[White "Svidler, Peter"]
[Black "Har Zvi, Ronen"]
[Result "1/2-1/2"]
[WhiteElo "2455"]
[BlackElo "2425"]

1.e4 c5 2.Nc3 d6 3.Nge2 a6 4.d4 cxd4 5.Nxd4 Nf6 6.g3 e5 7.Nde2 b5 8.Bg2 Nbd7
9.h3 b4 10.Nd5 Nxd5 11.exd5 a5 12.O-O Ba6 13.a3 Be7 14.Bd2 Qb6 15.axb4 axb4
16.Be3 Qb5 17.Nc1 O-O 18.b3 f5 19.Re1 Nf6 20.Ra4 Bb7 21.Qd3 Qxd3 22.Nxd3 Nxd5
23.Nxb4 Nxb4 24.Rxb4 Bxg2 25.Kxg2 Rfb8 26.Ra1 Rxb4 27.Rxa8+ Kf7 28.Kf3  1/2-1/2

[Event "Eger op"]
[Site "Eger"]
[Date "1992.??.??"]
[Round "?"]
[White "Abdul Karim, Al Audari"]
[Black "Sziraki, Tamas"]
[Result "0-1"]
[WhiteElo "2205"]
[BlackElo "2295"]

1.e4 c5 2.Nf3 d6 3.Nc3 Nf6 4.d4 cxd4 5.Nxd4 a6 6.g3 e6 7.Bg2 Be7 8.O-O O-O
9.a4 Nc6 10.Nxc6 bxc6 11.e5 dxe5 12.Qxd8 Rxd8 13.Bxc6 Rb8 14.a5 Nd5 15.Rd1 Nxc3
16.Rxd8+ Bxd8 17.bxc3 Bxa5 18.Rxa5 Rb1 19.Kg2 Rxc1 20.Rxe5 Kf8 21.Rc5 Ke7
22.Be4 Kd7 23.Rc4 f5 24.Bc6+ Kd6 25.Bf3 Bd7 26.Rd4+ Ke7 27.Rd2 a5 28.c4 a4
29.c5 a3 30.c4 Rxc4 31.Ra2 Ra4 32.Bb7 Kd8 33.Bf3 Kc7 34.Bd1 Bc6+ 35.Kf1 Bd5
36.Ra1 Ra5  0-1

[Event "Forli op"]
[Site "Forli"]
[Date "1992.??.??"]
[Round "1"]
[White "Scotto, Marco"]
[Black "Hodgson, Julian M"]
[Result "0-1"]
[WhiteElo "2290"]
[BlackElo "2535"]

1.e4 c5 2.Nf3 d6 3.d4 cxd4 4.Nxd4 Nf6 5.Nc3 a6 6.g3 g6 7.Bg2 Bg7 8.O-O Bg4
9.f3 Bd7 10.Be3 h5 11.h4 Nc6 12.Nd5 O-O 13.c4 b5 14.Nxc6 Bxc6 15.Nb4 Bb7
16.cxb5 axb5 17.Qb3 Qb8 18.Kh2 Ra4 19.Bg5 e6 20.Nd3 Ba8 21.Rac1 Re8 22.Bf4 Rd4
23.Rc5 b4 24.Rfc1 Bxe4 25.fxe4 Ng4+ 26.Kg1 Rxd3 27.Qxd3 e5 28.Rc7 exf4 29.Qd5 Qb6+
30.R1c5 Ne5 31.gxf4 dxc5 32.Rb7 Qf6 33.fxe5 Rxe5 34.Qd7 Qf4 35.Rb8+ Kh7  0-1

[Event "Geneve op"]
[Site "Geneve"]
[Date "1992.??.??"]
[Round "6"]
[White "Milosevic, Goran"]
[Black "Jukic, Mirko"]
[Result "1/2-1/2"]
[WhiteElo "2405"]
[BlackElo "2455"]

1.e4 c5 2.Nf3 d6 3.d4 cxd4 4.Nxd4 Nf6 5.Nc3 a6 6.g3 e6 7.Bg2 Be7 8.O-O Qc7
9.a4 Nc6 10.Be3 O-O  1/2-1/2

[Event "Geneve op"]
[Site "Geneve"]
[Date "1992.??.??"]
[Round "8"]
[White "Milosevic, Goran"]
[Black "Chachere, Lawrence"]
[Result "1-0"]
[WhiteElo "2405"]
[BlackElo "2240"]

1.e4 c5 2.Nf3 d6 3.d4 Nf6 4.Nc3 cxd4 5.Nxd4 a6 6.g3 e5 7.Nb3 Nbd7 8.a4 b6
9.Bg2 Bb7 10.O-O Be7 11.Re1 Rc8 12.Nd2 Rc5 13.Nf1 Qa8 14.f3 O-O 15.Ne3 g6
16.Bh3 Rd8 17.Qe2 Qc8 18.Bd2 Bf8 19.Red1 d5 20.exd5 Nxd5 21.Ncxd5 Bxd5 22.b4 Bc4
23.Qe1 Rc6 24.Nxc4 Rxc4 25.c3 Be7 26.Bf1 Rc6 27.Bxa6 Qb8 28.Bb5 Rd6 29.Be3 Nf6
30.Bf2 Nd5 31.Bf1 Bf6 32.Rdc1 Bg5 33.Rc2 Qc8 34.c4 Qf5 35.Re2 Nc7 36.Rxe5 Bd2
37.Qe2 Qf6 38.c5 bxc5 39.Bxc5 Rd3 40.Be7 Qb6+ 41.Qf2 Qxf2+ 42.Kxf2 Bc3 43.Bxd8 Rxd8
44.Rae1 Bd4+ 45.Kg2 Bxe5 46.Rxe5 Rd2+ 47.Re2 Rd4 48.Re4 Rd2+ 49.Kg1 Ne6 50.b5 Nd4
51.Rxd4 Rxd4 52.a5  1-0

[Event "GER-ch qual"]
[Site "Gladenbach"]
[Date "1992.??.??"]
[Round "9"]
[White "Maier, Christian"]
[Black "Gutman, Lev"]
[Result "0-1"]
[WhiteElo "2390"]
[BlackElo "2445"]

1.e4 c5 2.Nf3 d6 3.d4 cxd4 4.Nxd4 Nf6 5.Nc3 a6 6.g3 e5 7.Nb3 Be6 8.Bg2 Nbd7
9.O-O Rc8 10.Re1 Be7 11.Nd2 b5 12.Nf1 O-O 13.Ne3 Nb6 14.g4 b4 15.Nb1 d5 16.Nd2 dxe4
17.Nxe4 Nxe4 18.Bxe4 Qxd1 19.Rxd1 Rfd8 20.Re1 a5 21.a3 bxa3 22.b3 Bb4 23.Rf1 Rd4
24.f3 g6 25.Bxa3 Bc3 26.Rad1 a4 27.bxa4 Rxa4 28.Bc1 Bd4 29.Kg2 Ra1 30.Bd2 Ra3
31.Rfe1 Na4 32.c4 Nb2 33.Nc2 Ra2 34.Ra1 Rxa1 35.Rxa1 Bc5 36.Ne3 Nxc4 37.Nxc4 Bxc4
38.Ra8 Rxa8 39.Bxa8 Bd6 40.g5 Bb3 41.Be4 Kf8 42.Bc3 Ke7 43.Bb2 Ke6 44.Bc3 Bc5
45.Bd2 Kd6 46.Bc1 Be6 47.Bd2 Bf5 48.Bc1 Bb4 49.Be3 Bc3 50.Bb7 Bd4 51.Bd2 Kc5
52.Be1 Kc4 53.Ba6+ Kb3 54.Bb7 Kc2 55.Bd5 Be6 56.Be4+ Kd1 57.Bb4 Ke2 58.Ba3 Be3
59.Bd6 Bd4 60.Ba3 Bc4 61.Bb4 Ke3 62.Ba3 Bc3 63.Bc1+ Kd4 64.Kf2 Be6 65.Be3+ Kc4
66.Bc1 Bd4+ 67.Kg2 Bd5 68.Bxd5+ Kxd5 69.Kg3 Kc4 70.Kg4 Kd3 71.Ba3 Ke2 72.Bd6 Kf2
73.h3 Bc3 74.Bc5+ Ke2 75.Bd6 Kd3 76.Bc7 Bb2 77.Bb8 Kd4 78.Ba7+ Kd5 79.Be3 Kc4
80.Bb6 Bc1 81.Bd8 h5+ 82.gxh6 Bxh6 83.Bf6 Kd5 84.Kg3 Be3 85.Kg2 Bd4 86.Kf1 e4
87.fxe4+ Kxe4  0-1

[Event "Goteborg op"]
[Site "Goteborg"]
[Date "1992.??.??"]
[Round "?"]
[White "Agrest, Svetlana"]
[Black "Agrest, Evgenij"]
[Result "0-1"]
[WhiteElo "2175"]
[BlackElo "2485"]

1.e4 c5 2.Nf3 d6 3.d4 cxd4 4.Nxd4 Nf6 5.Nc3 a6 6.g3 e5 7.Nb3 Be7 8.Bg2 O-O
9.O-O Be6 10.Be3 Qc7 11.Qd2 Nbd7 12.Rad1 Nb6 13.Bxb6 Qxb6 14.Nd5 Nxd5 15.exd5 Bg4
16.Rde1 Rac8 17.c3 a5 18.Nd4 Bf6 19.Nf3 Rc5 20.Ng5 Bxg5 21.Qxg5 Bd7 22.Rb1 f6
23.Qd2 Bf5 24.Rbc1 a4 25.Rfe1 Rb5 26.b4 axb3 27.axb3 Rxb3 28.Be4 Bxe4 29.Rxe4 Ra8
30.Rb4 Rxb4 31.cxb4 h6 32.Rb1 Rc8 33.Kg2 Qb5 34.Kg1 Qc4 35.Ra1 Qe4 36.Re1 Rc2
37.Rxe4 Rxd2 38.Rc4 Rxd5 39.Rc7 Rb5 40.Rd7 d5 41.Kf1 d4  0-1

[Event "Ikaria op"]
[Site "GRE"]
[Date "1992.??.??"]
[Round "?"]
[White "Kofidis, Andreas"]
[Black "Szekely, Peter"]
[Result "0-1"]
[WhiteElo "2350"]
[BlackElo "2450"]

1.e4 c5 2.Nf3 d6 3.d4 cxd4 4.Nxd4 Nf6 5.Nc3 a6 6.g3 e5 7.Nde2 Be7 8.Bg2 b5
9.O-O Nbd7 10.a4 b4 11.Nd5 Nxd5 12.exd5 a5 13.Bd2 Ba6 14.c3 bxc3 15.Bxc3 O-O
16.Qd2 Bg5 17.Qc2 Qc7 18.Rfb1 Rfb8 19.f4 Bf6 20.Rc1 Rc8 21.Qd2 Qa7+ 22.Kh1 Bxe2
23.fxe5 Bxe5 24.Bxe5 Nxe5 25.Qxe2 Rxc1+ 26.Rxc1 g6 27.h3 Rb8 28.Rc3 Qd4 29.Qc2 Kg7
30.b3 h5 31.Rc7 Qe3 32.Rc3 Qe1+ 33.Kh2 Rb4 34.Qb2 h4 35.gxh4 Rxh4 36.Rc1 Qe3
37.Qc3 Qf4+ 38.Kh1 Qg5 39.Rf1 Rb4 40.Qc7 Rxb3 41.Qxa5 Rb2 42.Rg1 Qg3 43.Qe1 Rf2  0-1

[Event "Hamburg-ch"]
[Site "Hamburg"]
[Date "1992.??.??"]
[Round "2"]
[White "Putzbach, Gerd"]
[Black "Trisic, Alexandar"]
[Result "1/2-1/2"]
[WhiteElo "2265"]
[BlackElo "2220"]

1.e4 c5 2.Nf3 d6 3.d4 cxd4 4.Nxd4 Nf6 5.Nc3 a6 6.g3 e6 7.Bg2 Be7 8.O-O O-O
9.Re1 Qc7 10.f4 Nc6 11.Kh1 Rd8 12.Be3 Nxd4 13.Bxd4 b5 14.e5 dxe5 15.fxe5 Bb7
16.exf6 Bxf6 17.Ne2 e5 18.c3 exd4 19.Nxd4 Bxd4 20.cxd4 Bxg2+ 21.Kxg2 Qc4
22.Re4 Rac8 23.Kg1 Qc2 24.Re2 Qc4 25.Rd2 Rd5 26.Qg4 Rcd8 27.b3 Qc3 28.Rad1 g6
29.Qe4 Qb4 30.Qf4 Kg7 31.Rf2 Qe7 32.Rc2 Rf5 33.Qd2 Qe4 34.Qd3 Qg4 35.Rf2 Rfd5
36.Rf4 Qd7 37.Qf3 Qe6 38.Re4 Qd6 39.Qe3 Rd7 40.Rh4 h5 41.Re4 Rf5 42.Re8 h4
43.gxh4 Qf4 44.Qxf4 Rxf4 45.d5 Rxh4 46.d6 Rh8 47.Rxh8 Kxh8 48.Kf2 Kg7 49.Kf3 Kf6
50.Kg4 Rd8 51.h4 Ke6 52.Kg5 Rh8 53.Rd4 Rh5+ 54.Kg4 Kd7 55.b4 Rf5 56.Rd3 Rf6
57.Kg5 Rf5+ 58.Kg4 Rf6 59.Kg5 Rf5+ 60.Kg4 Rf6  1/2-1/2

[Event "Hamburg-ch"]
[Site "Hamburg"]
[Date "1992.??.??"]
[Round "9"]
[White "Putzbach, Gerd"]
[Black "Mowsziszian, Karen"]
[Result "0-1"]
[WhiteElo "2265"]
[BlackElo "2440"]

1.e4 c5 2.Nf3 d6 3.d4 cxd4 4.Nxd4 Nf6 5.Nc3 a6 6.g3 e5 7.Nde2 b5 8.Bg2 Bb7
9.a3 Nbd7 10.O-O Be7 11.h3 Nc5 12.f3 O-O 13.Be3 Rc8 14.Qd2 d5 15.exd5 Nxd5
16.Nxd5 Qxd5 17.Qxd5 Bxd5 18.Nc3 Bc4 19.Rfd1 Ne6 20.Ne4 Rfd8 21.Rxd8+ Rxd8
22.Nd2 Bd5 23.Bf1 Bb7 24.Kf2 f5 25.Bd3 f4 26.gxf4 exf4 27.Bb6 Bc5+ 28.Bxc5 Nxc5
29.Ke2 Re8+ 30.Kf2 Nxd3+ 31.cxd3 Re3 32.Rc1 Rxd3 33.Ke2 Rd7 34.Rc5 Bd5 35.h4 Kf7
36.Ne4 h6 37.Rc8 Re7 38.Kd3 Bxe4+ 39.fxe4 g5 40.Rc5 Kg6 41.hxg5 hxg5 42.Rc6+ Kh5
43.Rxa6 g4 44.Rf6 g3 45.Ke2 Kg5 46.Rf5+ Kg4 47.Rxb5 Rxe4+ 48.Kf1 f3 49.Rb4 Rxb4
50.axb4 Kh3 51.b5 g2+  0-1

[Event "JUG-ch"]
[Site "Kladovo"]
[Date "1992.??.??"]
[Round "5"]
[White "Marinkovic, Slavisa"]
[Black "Smolovic, Mile"]
[Result "0-1"]
[WhiteElo "2370"]
[BlackElo "2340"]

1.e4 c5 2.Nf3 d6 3.d4 cxd4 4.Nxd4 Nf6 5.Nc3 a6 6.g3 e5 7.Nb3 Be7 8.Bg2 O-O
9.a4 Nc6 10.O-O Nb4 11.a5 Bg4 12.Qd2 Rc8 13.Ra4 d5 14.Nxd5 Nfxd5 15.exd5 Rxc2
16.Qe3 Be2 17.Re1 Bb5 18.Ra1 Nd3 19.Rf1 f5 20.Rb1 Qc7 21.Na1 Bc5 22.Nxc2 Bxe3
23.Nxe3 f4  0-1

[Event "Kuopio op"]
[Site "Kuopio"]
[Date "1992.??.??"]
[Round "3"]
[White "Nevanlinna, Risto"]
[Black "Rytshagov, Mikhail"]
[Result "1-0"]
[WhiteElo "2290"]
[BlackElo "2385"]

1.e4 c5 2.Nf3 d6 3.d4 Nf6 4.Nc3 cxd4 5.Nxd4 a6 6.g3 e5 7.Nde2 Nbd7 8.Bg2 Be7
9.a4 b6 10.h3 h5 11.Nd5 Nxd5 12.Qxd5 Rb8 13.Be3 Bb7 14.Qd2 f5 15.O-O fxe4
16.c4 b5 17.axb5 axb5 18.Qc2 O-O 19.Bxe4 Bxe4 20.Qxe4 Nf6 21.Qc6 bxc4 22.Qxc4+ d5
23.Qc2 Qd7 24.Kh2 Rfc8 25.Qd3 Rxb2 26.Ra7 Rb7 27.Rxb7 Qxb7 28.Bg5 e4 29.Qd1 Qb5
30.Kg2 Qd3 31.Nf4 Qxd1 32.Rxd1 Rc2 33.Bxf6 Bxf6 34.Nxd5 Bg5 35.Kf1 Kf7 36.Ra1 Rc5
37.Ra7+ Kg6 38.Rd7 Rc1+ 39.Kg2 Rc2 40.h4 Bh6 41.Re7 Rd2 42.Re5 Rd4 43.Kf1 Rd1+
44.Ke2 Rd2+ 45.Ke1 Rd3 46.Ne7+ Kf6 47.Rxe4 Rd7 48.Nc6 Rc7 49.Nd4 g6 50.Kf1 Rd7
51.Kg2 Re7 52.Rxe7 Kxe7 53.Kf3 Bg7 54.Ne2 Bb2 55.Ke4 Kf6 56.f3 Ba1 57.Kd5 Bb2
58.Nd4 Bc3 59.Nb5 Be1 60.Nd6 Ba5 61.Ne4+ Kf5 62.Kd6 Bb4+ 63.Kd7 Ba3  1-0

[Event "Liechtenstein op"]
[Site "Liechtenstein"]
[Date "1992.??.??"]
[Round "6"]
[White "Pliester, Leon"]
[Black "Sitanggang, Salor"]
[Result "1-0"]
[WhiteElo "2355"]
[BlackElo "2390"]

1.e4 c5 2.Nf3 d6 3.d4 cxd4 4.Nxd4 Nf6 5.Nc3 a6 6.g3 e5 7.Nb3 Bg4 8.f3 Be6
9.Bg2 Nbd7 10.a4 Be7 11.O-O O-O 12.Kh1 Qc7 13.f4 Rfc8 14.Be3 Bc4 15.Re1 b5
16.axb5 axb5 17.Rxa8 Rxa8 18.Nd2 b4 19.Nxc4 Qxc4 20.Nd5 Nxd5 21.Qxd5 Qxd5
22.exd5 Bf6 23.Bd2 Rb8 24.b3 Nc5 25.g4 g6 26.g5 Bg7 27.Be3 Nd7 28.f5 gxf5
29.Bh3 f4 30.Bxd7 fxe3 31.Rxe3 h6 32.h4 hxg5 33.hxg5 Kf8 34.Kg2 Ke7 35.Bf5 Rg8
36.Rg3 Rb8 37.Kf3 Rb5 38.Be4 Rb8 39.Rh3 Rc8 40.Rh1 Rc3+ 41.Kf2 Rc7 42.Ra1 f6
43.g6 f5 44.Bxf5 e4 45.Ra2 Bd4+ 46.Kg2 e3 47.Kf3 Kf6 48.Bd3 Re7 49.Ke2 Re5
50.Ra8 Rg5 51.Rf8+ Ke5 52.g7 Rg2+ 53.Kf1  1-0

[Event "Linares NL"]
[Site "Linares"]
[Date "1992.??.??"]
[Round "?"]
[White "Ivanov, Alexander"]
[Black "Garmendez, Florentino"]
[Result "1-0"]
[WhiteElo "2545"]
[BlackElo "2325"]

1.e4 c5 2.Nf3 d6 3.d4 cxd4 4.Nxd4 Nf6 5.Nc3 a6 6.g3 e5 7.Nde2 b5 8.Bg5 Nbd7
9.Nd5 h6 10.Bxf6 Nxf6 11.Nec3 Nxd5 12.Nxd5 Be7 13.a4 bxa4 14.Rxa4 O-O 15.Bc4 Bh3
16.Qf3 Bg5 17.b3 Bd7 18.Ra2 a5 19.h4 Be7 20.O-O Kh8 21.Rfa1 f5 22.exf5 Bxf5
23.Bd3 e4 24.Bxe4 Bxe4 25.Qxe4 Bf6 26.c3 Rc8 27.Qd3 Rc5 28.Rd1 Be5 29.b4 axb4
30.cxb4 Rc8 31.b5 Rb8 32.Rb1 Qd7 33.b6 Rb7 34.Rc2 Qg4 35.Rc7 Bd4 36.Rb4 Rxb6
37.Rxd4 Rb1+ 38.Qxb1 Qxd4 39.Nf4 Re8 40.Ng6+  1-0